Kainuun kunnat - Statistics

Yleistilastot
  • Tätä visaa on pelattu 74 kertaa
  • Keskiarvotulos 6 / 8
Vastaustilastot
Kuntamuoto Nimi % Oikein
maakunnan pääkaupunki Kajaani
95%
kunta Suomussalmi
79%
kaupunki Kuhmo
76%
kunta Paltamo
71%
kunta Puolanka
71%
kunta Sotkamo
71%
kunta Hyrynsalmi
66%
kunta Ristijärvi
61%
Ehtoja vastaavia visoja ei löytynyt
Tulosjakauma
Jokaisen tuloksen saaneiden osuus
Persentiili vastausten määrän mukaan
Tuloshistoriasi
Et ole pelannut tätä visaa